01926nam a2200337 a 450000100100000000500170001000800410002702000150006804000250008308200220010811101100013024500610024026001040030130000210040549000300042649000130045659000260046950002390049565000920073465000830082665000240090971000580093371001050099183000370109683000200113391000370115395201350119095201200132595201260144599900170157100002654120240417195416.0110322s1999 dr 001 0 spa d z9993422089 aDO-SdBNPbspacBNPHU a342.729303bT147d2 aTaller sobre Los Derechos Humanos y Deberes en la Reforma Constitucional.d(1998 :cSanto Domingo)95364010aDerechos humanos y deberes en la reforma constitucional. aSanto Domingo :bComisión Presidencial para la Reforma y Modernización del EstadobPNUD,c1999. a106 p. ;c21 cm.1 aEstudios constitucionales1 aTalleres aInventariado, 2018/VM aIncluye los trabajos presentados durante las sesiones periódicas del "Taller sobre los derechos humanos y deberes en la reforma constitucional", realizados del 4 de agosto hasta el 24 de noviembre de 1998 en la UNPHU, Santo Domingo. 4aReformas constitucionaleszRepública DominicanavCONGRESOS, CONFERENCIAS, ETC.916556 4aDerechos humanoszRepública DominicanavCONGRESOS, CONFERENCIAS, ETC.953641 0aDerecho civil957022 aPrograma de Naciones Unidas para el Desarrollo9536421 aRepública Dominicana.bComisión Presidencial para la Reforma y Modernización del Estado.97089 0aEstudios constitucionales953643 0aTalleres953644 aValidado. Control de calidad EMS 001054708DSaGRbGRcHDd2015-02-09iLF1l0o342.729303 T147dp26541-30r2020-06-25te. 3w2020-06-25yLFDSZPréstamo en sala 0010718PDaPDbPDcHDd2011-03-22iLF1l0o342.729303 T147dp26541-10r2020-06-25w2020-06-25yLFPDZNo se presta 0010718PDaPDbPDcHDd2011-03-22iLF1l0o342.729303 T147dp26541-20r2020-06-25te. 2w2020-06-25yLFPDZNo se presta c26033d26033